International Business / Competing in the Global Marketplace: Postscript 2001 - Third Edition (Record no. 755)
[ view plain ]
| 000 -LEADER | |
|---|---|
| fixed length control field | 02440cam a22002174a 4500 |
| 005 - ΗΜΕΡΟΜΗΝΙΑ ΚΑΙ ΩΡΑ ΤΕΛΕΥΤΑΙΑΣ ΕΝΗΜΕΡΩΣΗΣ | |
| Πεδίο ελέγχου | 20250605163944.0 |
| 008 - FIXED-LENGTH DATA ELEMENTS--GENERAL INFORMATION | |
| Πεδίο ελέγχου σταθερού μήκους | 250528s ||||||||||||||||||||||||d |
| 035 ## - SYSTEM CONTROL NUMBER | |
| System control number | 15161 |
| 020 ## - ISBN | |
| ISBN | 72391960 |
| 040 ## - ΠΗΓΗ ΚΑΤΑΛΟΓΟΓΡΑΦΗΣΗΣ | |
| Φορέας πρωτότυπης καταλογογράφησης | MC Athens Campus Library |
| Γλώσσα καταλογογράφησης | Ελληνικά, Μοντέρνα (1453-) |
| Modifying agency | MC Athens Campus Library |
| Κανόνες περιγραφικής καταλογογράφησης | AACR2 |
| 245 1# - ΤΙΤΛΟΣ ΚΑΙ ΔΗΛΩΣΗ ΥΠΕΥΘΥΝΟΤΗΤΑΣ | |
| Τίτλος | International Business / Competing in the Global Marketplace: Postscript 2001 - Third Edition |
| 250 ## - EDITION STATEMENT | |
| Edition statement | 3rd |
| 260 ## - PUBLICATION, DISTRIBUTION, ETC. | |
| Name of publisher, distributor, etc. | Irwin Mcgraw-Hill, |
| Date of publication, distribution, etc. | 2001 |
| 300 ## - PHYSICAL DESCRIPTION | |
| Extent | 692 |
| 505 0# - FORMATTED CONTENTS NOTE | |
| Formatted contents note | Preface, Introduction and Overview, Globalization, Country Factors, National Differences in Political Economy, Differences in Culture, The Global Trade and Investment Environment, International Trade Theory, The Political Economy of International Trade, Foreign Direct Investment, The Political Economy of Foreign Direct Investment, Regional Economic Integration, The Global Monetary System, The Foreign Exchange Market, The International Monetary System, The Global Capital Market, The Strategy and Structure of Intyernational Business, The Strategy of International Business, The Organization of International Business, Entry Strategy and Strategic Alliances, Business Operations, Exporting and Importing and Countertrade, Global Manufacturing and Material Management, Global Marketing and R&D, Global Human Resource Management, Accounting in the International Business, Financial Management in the International Business, Glossary, Index. |
| 520 ## - SUMMARY, ETC. | |
| Summary, etc. | Preface, Introduction and Overview, Globalization, Country Factors, National Differences in Political Economy, Differences in Culture, The Global Trade and Investment Environment, International Trade Theory, The Political Economy of International Trade, Foreign Direct Investment, The Political Economy of Foreign Direct Investment, Regional Economic Integration, The Global Monetary System, The Foreign Exchange Market, The International Monetary System, The Global Capital Market, The Strategy and Structure of Intyernational Business, The Strategy of International Business, The Organization of International Business, Entry Strategy and Strategic Alliances, Business Operations, Exporting and Importing and Countertrade, Global Manufacturing and Material Management, Global Marketing and R&D, Global Human Resource Management, Accounting in the International Business, Financial Management in the International Business, Glossary, Index. |
| 700 1# - ΠΡΟΣΘΕΤΗ ΑΝΑΓΡΑΦΗ--ΦΥΣΙΚΟ ΠΡΟΣΩΠΟ | |
| Personal name | Hill W. Charles |
| 9 (RLIN) | 1022 |
| 942 ## - ADDED ENTRY ELEMENTS (KOHA) | |
| Koha item type | Books |
| Τύπος τεκμηρίου | Βιβλιοθήκη | Τρέχουσα τοποθεσία | Barcode | Αριθμός εισαγωγής | Ημερομηνία απόκτησης | Ταξιθετικό σύμβολο | Αριθμός αντιτύπου | Κατάσταση απόσυρσης | Κατάσταση χαμένου | Κατάσταση κατεστραμμένου | Μη δανεισμός | Σύνολο δανεισμών | Ημερομηνία τελευταίας εμφάνισης | Η τιμή ισχύει από |
|---|---|---|---|---|---|---|---|---|---|---|---|---|---|---|
| Books | MC Athens Campus Library | MC Athens Campus Library | 9780000007544 | 1393 | 05/06/2025 | 658/.049 HIL | 1 | 05/06/2025 | 05/06/2025 |